000 00407nam a22001697a 4500
003 MPLRDC
005 20220104114549.0
008 210129b ||||| |||| 00| 0 eng d
082 _a220.8 XFBD v.37
100 _a陈海量
245 _a如何做佛教徒
_c
260 _a
_b常春树书坊
_c1986
300 _b
490 _a学佛必读. 37
650 _a佛教丛书
942 _cBK
_o220.8 XFBD v.37
999 _c8468
_d8458